Vista normal Vista MARC

Entrada Personal Name

Número de registros utilizados en: 2

001 - CONTROL NUMBER

  • control field: 13693

003 - CONTROL NUMBER IDENTIFIER

  • control field: OSt

005 - DATE AND TIME OF LATEST TRANSACTION

  • control field: 20210219124312.0

008 - FIXED-LENGTH DATA ELEMENTS

  • fixed length control field: 210219|| aca||aabn | a|a d

040 ## - CATALOGING SOURCE

  • Original cataloging agency: OSt
  • Transcribing agency: OSt

100 ## - HEADING--PERSONAL NAME

  • Personal name: Artunduaga Sanchez, Edgar

670 ## - SOURCE DATA FOUND

  • Source citation: Work cat.: (OSt): Artunduaga Sanchez, Edgar, autor, Anécdotas y lecciones de periodismo / , 1998